[Event "FRA-chT4 0506"]
[Site "France"]
[Date "2006.??.??"]
[Round "7"]
[White "Pincon, Stephane"]
[Black "Cauvin, Melanie"]
[Result "0-1"]
[WhiteElo "1946"]
[BlackElo "1790"]
[PlyCount "54"]
[EventDate "2005.10.02"]
[EventType "team"]
[EventRounds "9"]
[EventCountry "FRA"]
[SourceTitle "EXT 2007"]
[Source "ChessBase"]
[SourceDate "2006.11.23"]
[SourceVersion "1"]
[SourceVersionDate "2006.11.23"]
[SourceQuality "1"]

1. d4 d5 2. c4 c6 3. Nc3 Nf6 4. Nf3 e6 5. e3 Nbd7 6. Bd3 Bb4 7. 0-0 0-0 8. a3 Bd6 9. e4 dxc4 10. Bxc4 e5 11. Bg5 Qc7 12. h3 exd4 13. Nxd4 Ne5 14. Ba2 Re8 15. f4 Bc5 16. Kh1 Ng6 17. e5 Nxe5 18. fxe5 Qxe5 19. Bxf7+ Kxf7 20. Qb3+ Kf8 21. Nf3 Qg3 22. Bh4 Qg6 23. Ng5 h6 24. Nge4 Bxh3 25. Bg3 Qh5 26. Nxc5 Be6+ 27. Bh2 Bxb3 0-1

[Event "FRA-chT2"]
[Site "France"]
[Date "2001.11.??"]
[Round "2"]
[White "Kuchly, Celine"]
[Black "Cauvin, Melanie"]
[Result "0-1"]
[WhiteElo "1700"]
[BlackElo "1830"]
[PlyCount "58"]
[EventDate "2002.??.??"]
[EventType "team"]
[EventRounds "11"]
[EventCountry "FRA"]
[SourceTitle "EXT 2003"]
[Source "ChessBase"]
[SourceDate "2002.11.25"]
[SourceVersion "1"]
[SourceVersionDate "2002.11.25"]
[SourceQuality "1"]

1. d4 d5 2. c4 e6 3. Nf3 Nf6 4. Bg5 Be7 5. Nc3 0-0 6. e3 Nbd7 7. Qc2 c5 8. cxd5 cxd4 9. Nxd4 Nxd5 10. Bxe7 Nxe7 11. Bd3 Nf6 12. 0-0 Bd7 13. Rac1 Nc6 14. Nxc6 Bxc6 15. Rfd1 Qe7 16. Bb5 Rac8 17. Qe2 a6 18. Bxc6 Rxc6 19. Rc2 Rfc8 20. Rdc1 Qc7 21. e4 Qe5 22. f3 h6 23. Rd1 b5 24. Rcd2 Kh7 25. a3 Qb8 26. Rd4 Nh5 27. Rd7 R6c7 28. R1d6 Qa7+ 29. Qf2 Rxd7 0-1